Quick Pick: Periodic Table Groups Quiz Stats

 Plays Quiz Updated Nov 29, 2016

Support Sporcle.
Go Orange.
Score 0/7 Timer 01:00
1 Play Today
% Correct
Neon
83.7%
Gold
83.4%
Mercury
67.3%
Potassium
60.3%
Calcium
56.2%
Chlorine
54.3%
Oxygen
45.2%

Today's Daily Dose

You're not logged in!

Compare scores with friends on all Sporcle quizzes.
OR
Log In

From the Vault

Batman's Bane or Potter's Bane?

by christopherjulia

Thankfully, this quiz will not be the bane of your existence.
Remove Ads.
Support Sporcle.
Get the best of Sporcle when you Go Orange. This ad-free experience offers more features, more stats, and more fun while also helping to support Sporcle. Thank you for becoming a member.

Show Comments

Extras

Top Quizzes Today


Score Distribution

Your Account Isn't Verified!

In order to create a playlist on Sporcle, you need to verify the email address you used during registration. Go to your Sporcle Settings to finish the process.

Report this User

Report this user for behavior that violates our Community Guidelines.

Details: